Подробности
| 000 -МАРКЕР |
| контрольное поле |
03706nam0a2200397 4500 |
| 001 - ИДЕНТИФИКАТОР ЗАПИСИ |
| контрольное поле |
RU\NLR\BIBL_A\012874175 |
| 005 - ИДЕНТИФИКАТОР ВЕРСИИ |
| контрольное поле |
20221123124808.0 |
| 010 ## - МЕЖДУНАРОДНЫЙ СТАНДАРТНЫЙ НОМЕР КНИГИ (ISBN) |
| Номер (ISBN) |
978-5-8019-0521-1 |
| Тираж |
100 |
| 021 ## - НОМЕР ГОСУДАРСТВЕННОЙ РЕГИСТРАЦИИ |
| Код страны |
Российская Федерация |
| Номер |
КН-П-22-040885 |
| Номер Листа государственной регистраци |
КН-П-22-3531 |
| 035 ## - ДРУГИЕ СИСТЕМНЫЕ НОМЕРА |
| Идентификатор записи |
(NLR Aleph) 012874175 |
| 035 ## - ДРУГИЕ СИСТЕМНЫЕ НОМЕРА |
| Идентификатор записи |
(RuMoRGB)011122380 |
| 100 ## - ДАННЫЕ ОБЩЕЙ ОБРАБОТКИ |
| Данные общей обработки |
20220824d2022 k y0rusy50 ca |
| 101 0# - ЯЗЫК РЕСУРСА |
| Язык текста, звукозаписи и т.д. |
русский |
| -- |
английский |
| -- |
немецкий |
| 102 ## - СТРАНА ПУБЛИКАЦИИ ИЛИ ПРОИЗВОДСТВА |
| Страна публикации |
Российская Федерация |
| 105 ## - ПОЛЕ КОДИРОВАННЫХ ДАННЫХ: ТЕКСТОВЫЕ МАТЕРИАЛЫ, МОНОГРАФИЧЕСКИЕ |
| Кодированные данные о монографическом текстовом документе |
a|||z|||100zy |
| 181 #0 - ПОЛЕ КОДИРОВАННЫХ ДАННЫХ: ВИД СОДЕРЖАНИЯ |
| Код вида содержания (ISBD) |
i |
| Код характеристики содержания (ISBD) |
axxe |
| 182 #0 - ПОЛЕ КОДИРОВАННЫХ ДАННЫХ: ТИП СРЕДСТВА |
| Код типа средства (ISBD) |
n - непосредственное |
| 200 1# - ЗАГЛАВИЕ И СВЕДЕНИЯ ОБ ОТВЕТСТВЕННОСТИ |
| Основное заглавие |
Материалы V Международной научно-практической конференции "Актуальные вопросы лингвистики, межкультурной коммуникации и методики преподавания иностранных языков в вузе", [8 апреля 2022 г. г. Екатеринбург] |
| Первые сведения об ответственности |
Министерство науки и высшего образования Российской Федерации, ФГБОУ ВО "Уральский государственный горный университет" |
| Последующие сведения об ответственности |
отв. ред.: Л. Г. Юсупова, О. И. Таюпова |
| 203 ## - ВИД СОДЕРЖАНИЯ И ТИП СРЕДСТВА |
| Вид содержания |
Текст |
| Дополнительные сведения об издании |
визуальный |
| Тип средства |
непосредственный |
| 210 ## - ПУБЛИКАЦИЯ, РАСПРОСТРАНЕНИЕ И ДР. |
| Место издания, распространения и т.д. |
Екатеринбург |
| Имя издателя, распространителя и т. д. |
Изд-во УМЦ УПИ |
| Дата издания, распространения и т.д. |
2022 |
| 215 ## - ФИЗИЧЕСКАЯ ХАРАКТЕРИСТИКА |
| Специфическое обозначение материала и объем |
484 с. |
| Другие сведения о физической характеристике |
ил. |
| Размеры |
20 |
| 300 ## - ОБЩИЕ ПРИМЕЧАНИЯ |
| Текст примечания |
Часть текста англ., нем. |
| 320 ## - ПРИМЕЧАНИЯ О НАЛИЧИИ В ДОКУМЕНТЕ БИБЛИОГРАФИИ / УКАЗАТЕЛЯ |
| Текст примечания |
Библиогр. в конце докл. |
| 330 ## - РЕЗЮМЕ ИЛИ РЕФЕРАТ |
| Текст примечания |
Сборник содержит статьи участников V Международной научно-практической конференции "Актуальные вопросы лингвистики, межкультурной коммуникации и методики преподавания иностранных языков в вузе", организованной по инициативе кафедры иностранных языков и деловой коммуникации УГГУ (Россия). Материалы посвящены современным проблемам лингвистики и методике преподавания иностранных языков в поликультурном образовательном пространстве в контексте межкультурной коммуникации. Издание предназначено широкому кругу научных работников и преподавателей, а также докторантам, магистрантам и студентам, интересующихся проблемами лингвистики, межкультурной коммуникации и методики преподавания иностранных языков в вузе |
| 606 1# - НАИМЕНОВАНИЕ ТЕМЫ КАК ПРЕДМЕТ |
| Наименование темы |
Иностранные языки |
| Формальный подзаголовок |
Съезды, совещания и т.п |
| Тематический подзаголовок |
Преподавание |
| -- |
Высшая школа |
| Системный номер авторитетной/нормативной записи |
2144180 |
| Идентификатор авторитетной/нормативной записи |
RU\NLR\AUTH\661291992 |
| 606 1# - НАИМЕНОВАНИЕ ТЕМЫ КАК ПРЕДМЕТ |
| Наименование темы |
Языкознание |
| Формальный подзаголовок |
Съезды, совещания и т.п |
| Системный номер авторитетной/нормативной записи |
911558 |
| Идентификатор авторитетной/нормативной записи |
RU\NLR\AUTH\6613279 |
| 675 ## - УНИВЕРСАЛЬНАЯ ДЕСЯТИЧНАЯ КЛАССИФИКАЦИЯ (UDC/УДК) |
| Индекс |
81(082) |
| Издание |
4 |
| 686 1# - ИНДЕКСЫ ДРУГИХ КЛАССИФИКАЦИЙ |
| Индекс |
Ч486.17(2Р)я431 |
| 686 1# - ИНДЕКСЫ ДРУГИХ КЛАССИФИКАЦИЙ |
| Индекс |
Ш1я431 |
| 710 12 - НАИМЕНОВАНИЕ ОРГАНИЗАЦИИ - ПЕРВИЧНАЯ ОТВЕТСТВЕННОСТЬ |
| Начальный элемент ввода |
"Актуальные вопросы лингвистики, межкультурной коммуникации и методики преподавания иностранных языков в вузе", международная научно-практическая конференция |
| Порядковый номер временной организации и / или порядковый номер ее части |
5 |
| Место проведения временной организации |
Екатеринбург |
| Дата проведения временной организации |
2022 |
| Системный номер авторитетной/нормативной записи |
808232 |
| Идентификатор авторитетной/нормативной записи |
RU\NLR\AUTH\880570993 |
| 942 ## - ДОПОЛНИТЕЛЬНЫЕ ЭЛЕМЕНТЫ ЗАПИСИ (АБИС) |
| Тип экземпляра АБИС |
Книга |
| 980 ## - КОЛЛЕКЦИЯ |
| Название коллекции |
Национальная библиография |